01001 am a2200265ua 450000100100000000500170001000800410002702000210006804000110008904300120010008200230011210000260013524500910016126000810025230000380033350000230037165000440039465000460043865300250048465500240050970000370053394200230057099900170059395201250061001130719120140302114946.0900131s1988 xxkc gr 000 0 eng d a014009136X (pbk) aUkcUk ae-uk---04a658.00941222bRIT1 aRitchie, Berry93510614aThe new elite :bBritain's top chief executives /cBerry Ritchie and Walter Goldsmith. aLondon :bPenguin Books,c1988eBungay, United Kingdom :fRichard Clay Ltd.) aix, 179 p. :bportraits ;c22 cm. aIncludes appendix. 0aExecutive ability935107zGreat Britain 0aSuccess in business935108zGreat Britain bBUSADMcFebruary2014 vreading book9342321 aGoldsmith, Walter,d1938-935109 2ddck658.00941 RIT c18044d18016 00102ddc40708Donation-GaMAINbMAINc1STd2014-02-06eDonationl0o658.00941 RITp000035598r2025-07-15 00:00:00yBB